000 00300nam a22001217a 4500
040 _cSY
082 _a973
100 _aNA
245 _aក្របខ័ណ្ឌជំនួយអភិវឌ្ឍន៍សហប្រជាជាតិ
260 _aRUA
_bNA
_c2010
300 _a69p.
942 _cEK
999 _c9763
_d9763